000 00510nam a2200157 a 4500
008 120416s0000 ||||||||||||||||| || u
020 _a1858053919
050 _aHF 5635 Mil
100 _aMillichamp, A. H
245 1 0 _aFoundation accounting
250 _a5th ed.
260 _aLondon
_bLetts Educational
_c1997
300 _aix, 488p. : ill.
350 _a0.00
995 _D0.00
_FCBU-MAIN LIBRARY (Kitwe)
_H1
_I24.95
_UDAMAGED
_ZMain Library Open Access Collection
999 _c43856
_d43856